Expressing ideas clearly / (Record no. 48991)
[ view plain ]
| 000 -LEADER | |
|---|---|
| fixed length control field | 01193cam a22003371i 4500 |
| 001 - CONTROL NUMBER | |
| control field | 7855444 |
| 005 - DATE AND TIME OF LATEST TRANSACTION | |
| control field | 20191125085617.0 |
| 008 - FIXED-LENGTH DATA ELEMENTS--GENERAL INFORMATION | |
| fixed length control field | 770907s1942 maua 001 0 eng |
| 010 ## - LIBRARY OF CONGRESS CONTROL NUMBER | |
| LC control number | 42021911 |
| 035 ## - SYSTEM CONTROL NUMBER | |
| System control number | (OCoLC)3246769 |
| 040 ## - CATALOGING SOURCE | |
| Original cataloging agency | DLC |
| Transcribing agency | DNIE |
| Modifying agency | DLC |
| 042 ## - AUTHENTICATION CODE | |
| Authentication code | premarc |
| 100 1# - MAIN ENTRY--PERSONAL NAME | |
| Personal name | Stratton, Clarence, |
| Dates associated with a name | 1880-1951. |
| 245 10 - TITLE STATEMENT | |
| Title | Expressing ideas clearly / |
| Statement of responsibility, etc | by Clarence Stratton, John E. Blossom and Prudence Tayler Lanphear, edited by Paul McKee, illustrated by Vance Locke. |
| 260 ## - PUBLICATION, DISTRIBUTION, ETC. (IMPRINT) | |
| Place of publication, distribution, etc | Boston : |
| Name of publisher, distributor, etc | The Riverside Press, |
| Date of publication, distribution, etc | c1942. |
| 300 ## - PHYSICAL DESCRIPTION | |
| Extent | xiii, 354, viii p. : |
| Other physical details | ill., diagrs. ; |
| Dimensions | 23 1/2 x 18 cm. & workbook. |
| 336 ## - CONTENT TYPE | |
| Content Type Term | text |
| 337 ## - MEDIA TYPE | |
| Media Type Term | unmediated |
| 338 ## - CARRIER TYPE | |
| Carrier Type Term | volume |
| 500 ## - GENERAL NOTE | |
| General note | Intended for eighth grade. |
| 500 ## - GENERAL NOTE | |
| General note | On cover : English for meaning. |
| 500 ## - GENERAL NOTE | |
| General note | Includes index. |
| 650 #0 - SUBJECT ADDED ENTRY--TOPICAL TERM | |
| Topical term or geographic name as entry element | English language |
| General subdivision | Grammar. |
| 650 #0 - SUBJECT ADDED ENTRY--TOPICAL TERM | |
| Topical term or geographic name as entry element | English language |
| General subdivision | Composition and exercises. |
| 650 #0 - SUBJECT ADDED ENTRY--TOPICAL TERM | |
| Topical term or geographic name as entry element | Literature. |
| 700 1# - ADDED ENTRY--PERSONAL NAME | |
| Personal name | Blossom, John Earle, |
| Dates associated with a name | 1889- |
| Relator term | joint author. |
| 700 1# - ADDED ENTRY--PERSONAL NAME | |
| Personal name | McKee, Paul Gordon, |
| Dates associated with a name | 1898- |
| Relator term | ed. |
| 700 1# - ADDED ENTRY--PERSONAL NAME | |
| Personal name | Lanphear, Prudence Tayler, |
| Relator term | joint author. |
| 906 ## - LOCAL DATA ELEMENT F, LDF (RLIN) | |
| a | 7 |
| b | cbc |
| c | oclcrpl |
| d | u |
| e | ncip |
| f | 19 |
| g | y-gencatlg |
| 942 ## - ADDED ENTRY ELEMENTS (KOHA) | |
| Source of classification or shelving scheme | Library of Congress Classification |
| Item type | Books |
| Withdrawn status | Lost status | Source of classification or shelving scheme | Damaged status | Not for loan | Home library | Current library | Shelving location | Date acquired | Inventory number | Total Checkouts | Full call number | Barcode | Date last seen | Price effective from | Koha item type | Copy number |
|---|---|---|---|---|---|---|---|---|---|---|---|---|---|---|---|---|
| Library of Congress Classification | BSOP Library | BSOP Library | GC | 11/25/2019 | 753 | PE1111 St8e | 00021657 | 11/25/2019 | 11/25/2019 | Books | ||||||
| Library of Congress Classification | BSOP Library | BSOP Library | GC | 11/25/2019 | 4332 | PE1111 St8e c.2 | 00021658 | 11/25/2019 | 11/25/2019 | Books | c.2 | |||||
| Library of Congress Classification | BSOP Library | BSOP Library | GC | 11/25/2019 | 4330 | PE1111 St8e c.3 | 00021659 | 11/25/2019 | 11/25/2019 | Books | c.3 | |||||
| Library of Congress Classification | BSOP Library | BSOP Library | GC | 11/25/2019 | 4331 | PE1111 St8e c.4 | 00021660 | 11/25/2019 | 11/25/2019 | Books | c.4 |
